Autour des capitales mondiales - Grille difficile - Statistiques

Statistiques générales
  • Ce quiz a été pris 123 fois
  • Le résultat moyen est 65 sur 100
Statistiques - réponses
Question Tuile Select % Correct
Quelles sont les capitales politiques de pays membres de l'ONU ? Queenston Non
95%
Quelles sont les capitales politiques de pays membres de l'ONU ? Alofi Non
92%
Quelles sont les capitales politiques de pays membres de l'ONU ? Bali Non
92%
Quelles sont les capitales politiques de pays membres de l'ONU ? Cayenne Non
92%
Quelles sont les capitales politiques de pays membres de l'ONU ? Queenstown Non
91%
Quelles sont les capitales politiques de pays membres de l'ONU ? Antigua Non
86%
Quels sont les pays possédant officiellement plusieurs capitales (les capitales économiques ne sont pas des capitales officielles) ? Monaco Non
86%
Quelles sont les capitales politiques de pays membres de l'ONU ? Trinité Non
86%
Quels sont les pays possédant officiellement plusieurs capitales (les capitales économiques ne sont pas des capitales officielles) ? Cuba Non
85%
Quelles sont les capitales politiques de pays membres de l'ONU ? Hong Kong Non
85%
Quelles sont les capitales politiques de pays membres de l'ONU ? Johnstown Non
85%
Quels sont les pays possédant officiellement plusieurs capitales (les capitales économiques ne sont pas des capitales officielles) ? Pologne Non
84%
Quels sont les pays possédant officiellement plusieurs capitales (les capitales économiques ne sont pas des capitales officielles) ? Syrie Non
84%
Quels sont les pays possédant officiellement plusieurs capitales (les capitales économiques ne sont pas des capitales officielles) ? Botswana Non
83%
Quels sont les pays possédant officiellement plusieurs capitales (les capitales économiques ne sont pas des capitales officielles) ? Japon Non
83%
Quelles sont les villes plus peuplées que la capitale politique de leur pays ? Médine Non
83%
Quelles sont les villes plus peuplées que la capitale politique de leur pays ? Alexandrie Non
82%
Quels sont les pays possédant officiellement plusieurs capitales (les capitales économiques ne sont pas des capitales officielles) ? Soudan Non
82%
Quelles sont les capitales traversées par le fleuve Danube ? Linz Non
80%
Quelles sont les capitales traversées par le fleuve Danube ? Salzbourg Non
80%
Quelles sont les capitales politiques de pays membres de l'ONU ? Berne Oui
79%
Quelles sont les capitales côtières ? Bucarest Non
79%
Quelles sont les villes plus peuplées que la capitale politique de leur pays ? Istanbul Oui
79%
Quelles sont les capitales traversées par le fleuve Danube ? Munich Non
79%
Quelles sont les villes plus peuplées que la capitale politique de leur pays ? Sydney Oui
79%
Quels sont les pays possédant officiellement plusieurs capitales (les capitales économiques ne sont pas des capitales officielles) ? Vietnam Non
79%
Quelles sont les capitales traversées par le fleuve Danube ? Zürich Non
79%
Quelles sont les capitales traversées par le fleuve Danube ? Berne Non
78%
Quels sont les pays possédant officiellement plusieurs capitales (les capitales économiques ne sont pas des capitales officielles) ? Nouvelle-Zélande Non
78%
Quels sont les pays possédant officiellement plusieurs capitales (les capitales économiques ne sont pas des capitales officielles) ? Afrique du Sud Oui
77%
Quelles sont les capitales traversées par le fleuve Danube ? Chisinau Non
77%
Quels sont les pays possédant officiellement plusieurs capitales (les capitales économiques ne sont pas des capitales officielles) ? Chypre Non
77%
Quelles sont les villes plus peuplées que la capitale politique de leur pays ? Los Angeles Oui
77%
Quelles sont les capitales côtières ? Nairobi Non
77%
Quelles sont les villes plus peuplées que la capitale politique de leur pays ? Saint-Pétersbourg Non
77%
Quelles sont les capitales traversées par le fleuve Danube ? Berlin Non
76%
Quelles sont les capitales traversées par le fleuve Danube ? Podgorica Non
76%
Quels sont les pays possédant officiellement plusieurs capitales (les capitales économiques ne sont pas des capitales officielles) ? Royaume-Uni Non
76%
Quelles sont les villes plus peuplées que la capitale politique de leur pays ? Munich Non
75%
Quelles sont les capitales traversées par le fleuve Danube ? Pristina Non
75%
Quelles sont les capitales politiques de pays membres de l'ONU ? Singapour Oui
75%
Quelles sont les villes plus peuplées que la capitale politique de leur pays ? La Mecque Non
73%
Quels sont les pays possédant officiellement plusieurs capitales (les capitales économiques ne sont pas des capitales officielles) ? Myanmar Non
73%
Quels sont les pays possédant officiellement plusieurs capitales (les capitales économiques ne sont pas des capitales officielles) ? Kazakhstan Non
71%
Quelles sont les villes plus peuplées que la capitale politique de leur pays ? Québec Non
71%
Quelles sont les capitales traversées par le fleuve Danube ? Kiev Non
70%
Quelles sont les capitales côtières ? Phnom Penh Non
70%
Quelles sont les capitales côtières ? Alger Oui
69%
Quelles sont les villes plus peuplées que la capitale politique de leur pays ? Barcelone Non
69%
Quelles sont les capitales traversées par le fleuve Danube ? Budapest Oui
69%
Quelles sont les capitales traversées par le fleuve Danube ? Ljubljana Non
69%
Quelles sont les capitales traversées par le fleuve Danube ? Sarajevo Non
66%
Quelles sont les capitales traversées par le fleuve Danube ? Vienne Oui
65%
Quelles sont les villes plus peuplées que la capitale politique de leur pays ? Casablanca Oui
64%
Quelles sont les capitales politiques de pays membres de l'ONU ? Kingston Oui
64%
Quelles sont les capitales côtières ? Podgorica Non
64%
Quelles sont les villes plus peuplées que la capitale politique de leur pays ? Toronto Oui
64%
Quelles sont les villes plus peuplées que la capitale politique de leur pays ? Milan Non
63%
Quelles sont les capitales traversées par le fleuve Danube ? Zagreb Non
63%
Quelles sont les capitales politiques de pays membres de l'ONU ? Georgetown Oui
62%
Quelles sont les capitales côtières ? Quito Non
62%
Quelles sont les capitales côtières ? Hanoi Non
61%
Quelles sont les villes plus peuplées que la capitale politique de leur pays ? Montréal Oui
60%
Quelles sont les capitales côtières ? Séoul Non
59%
Quelles sont les villes plus peuplées que la capitale politique de leur pays ? Shanghai Oui
59%
Quels sont les pays possédant officiellement plusieurs capitales (les capitales économiques ne sont pas des capitales officielles) ? Bolivie Oui
58%
Quelles sont les capitales politiques de pays membres de l'ONU ? São Tomé Oui
58%
Quelles sont les capitales côtières ? Manille Oui
57%
Quelles sont les capitales politiques de pays membres de l'ONU ? Kingstown Oui
56%
Quelles sont les villes plus peuplées que la capitale politique de leur pays ? Chicago Oui
54%
Quelles sont les capitales côtières ? Jakarta Oui
54%
Quelles sont les capitales traversées par le fleuve Danube ? Sofia Non
54%
Quelles sont les capitales côtières ? Beyrouth Oui
53%
Quelles sont les villes plus peuplées que la capitale politique de leur pays ? Lagos Oui
53%
Quelles sont les capitales côtières ? Abu Dhabi Oui
52%
Quelles sont les villes plus peuplées que la capitale politique de leur pays ? Bombay Oui
51%
Quelles sont les capitales côtières ? Santiago Non
51%
Quelles sont les capitales côtières ? Tirana Non
51%
Quelles sont les capitales côtières ? Wellington Oui
51%
Quelles sont les capitales traversées par le fleuve Danube ? Bratislava Oui
50%
Quelles sont les capitales côtières ? Caracas Non
49%
Quelles sont les capitales politiques de pays membres de l'ONU ? Taipei Non
49%
Quelles sont les capitales traversées par le fleuve Danube ? Prague Non
48%
Quelles sont les capitales côtières ? Helsinki Oui
47%
Quelles sont les capitales politiques de pays membres de l'ONU ? St. John's Oui
47%
Quelles sont les capitales traversées par le fleuve Danube ? Bucarest Non
46%
Quelles sont les capitales politiques de pays membres de l'ONU ? St. George's Oui
46%
Quelles sont les capitales traversées par le fleuve Danube ? Belgrade Oui
45%
Quelles sont les capitales politiques de pays membres de l'ONU ? Yaren Oui
45%
Quelles sont les capitales côtières ? Tallinn Oui
44%
Quelles sont les villes plus peuplées que la capitale politique de leur pays ? Marrakech Oui
43%
Quelles sont les capitales politiques de pays membres de l'ONU ? Pyongyang Oui
39%
Quelles sont les capitales côtières ? Lima Oui
35%
Quelles sont les capitales côtières ? Mascate Oui
33%
Quels sont les pays possédant officiellement plusieurs capitales (les capitales économiques ne sont pas des capitales officielles) ? Pays-Bas Oui
33%
Quels sont les pays possédant officiellement plusieurs capitales (les capitales économiques ne sont pas des capitales officielles) ? Sri Lanka Oui
29%
Quels sont les pays possédant officiellement plusieurs capitales (les capitales économiques ne sont pas des capitales officielles) ? Côte d'Ivoire Oui
21%
Quelles sont les villes plus peuplées que la capitale politique de leur pays ? Kolkata Oui
21%
Quels sont les pays possédant officiellement plusieurs capitales (les capitales économiques ne sont pas des capitales officielles) ? Bénin Oui
17%
Quels sont les pays possédant officiellement plusieurs capitales (les capitales économiques ne sont pas des capitales officielles) ? Tanzanie Oui
13%
Aucun quiz correspondant
Distribution des résultats
% des personnes avec chaque résultat
Percentile par nombre de réponses
Votre historique - résultats
Vous n’avez pas pris ce quiz